000 00550nam a2200193Ia 4500
999 _c34277
_d34277
003 OSt
005 20200908094304.0
008 190216s9999||||xx |||||||||||||| ||und||
020 _a9780486467399
040 _coclc
082 _a537.623
_bTIN/I
100 _aTinkham, Michael
_94471
245 0 _aIntroduction To Superconductivity /
_cMichael Tinkham
250 _a2nd Ed.
260 _bDover Publications,
_c2008.
_aNew York:
300 _a454p
650 _aPhysics
942 _cBK
_2ddc
_h537.623
_iTIN/I
_k537.623
_mTIN/I